00575 2200181 4500001002100000005001700021008004100038035002400079082001400103090001800117245008600135260007000221300002100291650002500312700001600337700002800353990001200381YOGYA-0512000000053020120522191027.0 ind  0010-051200000000530 a899.22181 a899.22181 Jak aJAKA Sumarandanacalih bahasa, R.Soeparmo ; alih aksara, Sudibjo Z. Hadisutjipto. aJakartabProyek Penerbitan Buku Sastra Indonesia dan Daerahc1981 a352 hlm.c21 cm. aKesusastraan Cirebon aSuparmo, R. aHadisucipto, Sudibjo Z. a61061-a